2012 F1 Drivers - Statistics

General Stats
  • This quiz has been taken 2,545 times
  • The average score is 18 of 24
Answer Stats
Nationality Team Driver % Correct
German Red Bull Racing Sebastian Vettel
99%
Spanish Ferrari Fernando Alonso
98%
British McLaren Lewis Hamilton
98%
Australian Red Bull Racing Mark Webber
97%
Brazilian Ferrari Felipe Massa
95%
British McLaren Jenson Button
95%
German Mercedes Nico Rosberg
95%
German Mercedes Michael Schumacher
94%
Finnish Lotus-Renault Kimi Räikkönen
89%
Mexican Sauber Sergio Perez
89%
Australian Toro Rosso Daniel Ricciardo
84%
French Lotus-Renault Romain Grosjean
83%
Venezuelan Williams Pastor Maldonado
78%
German Force India Nico Hulkenberg
72%
Japanese Sauber Kamui Kobayashi
71%
Brazilian Williams Bruno Senna
60%
Finnish Caterham Heikki Kovalainen
59%
British Force India Paul di Resta
58%
Russian Caterham Vitaly Petrov
57%
French Toro Rosso Jean-Eric Vergne
55%
German Marussia Timo Glock
46%
French Marussia Charles Pic
44%
Spanish HRT Pedro de la Rosa
43%
Indian HRT Narain Karthikeyan
42%
No matching quizzes found
Score Distribution
Percent of People with Each Score
Percentile by Number Answered
Your Score History
You have not taken this quiz